LEADER 01439nam a2200325 u 4500 001 000000057965 003 CaOOAMICUS 005 20070226120635.0 008 010521c2000 it u000 u ita u 020 $a887018210X 035 $a10889773 040 $aPUL$bita 041 1 $aita$ager 100 1 $aHeidegger, Martin,$d1889-1976.$0(OLS)http://pul/name/5737 240 10$aBemerkungen zu Kunst, Plastik, Raum.$lItaliano.$0(OLS)http://pul/title/77620 245 10$aCorpo e spazio :$bosservazioni su arte - scultura - spazio /$cMartin Heidegger ; a cura di Hermann Heidegger ; edizione italiana a cura di Francesca Bolino. 260 $aGenova :$bIl nuovo melangolo,$cc2000. 300 $a43 p. ;$c20 cm 490 1 $aOpuscula ;$v105 500 $aTesto originale a fronte. 500 $aTraduzione di Francesca Bolino. 700 1 $aHeidegger, Hermann.$0(OLS)http://pul/name/40337 830 0$aOpuscula (Il Melangolo) ;$v105.$0(OLS)http://pul/title/66847 850 $aPUL 852 $aPUL$W1$xSL Filosofia 2$y80$mPhil D4 105$j75740$nBK-PRI$b $qStampati altre collocazioni$B75740$CPULBib$Z2$F75740 $H $81 941 1 $a10 961 $aINV: 84864 996 $6020$a887018210X$9(OLS)http://pul/number/73342 996 $6245$aCorpo e spazio :$bosservazioni su arte - scultura - spazio$9(OLS)http://pul/title/77621 996 $6260$aGenova :$bIl nuovo melangolo$9(OLS)http://pul/publisher/69686 LEADER 01797nam a2200337 u 4500 001 000000075453 003 CaOOAMICUS 005 20070226123113.0 008 030926s2003 fr u000 u fre u 020 $a2-85021-147-8 035 $a10971489 040 $aEFR$bita 100 1 $aFaure, Patrick.$0(OLS)http://pul/name/50093 245 10$aPentecôte et parousie, AC 1,6-3,26 :$bl'Eglise et le mystère d'Israël entre les textes alexandrin et occidental des Actes des Apôtres /$cpar Patrick Faure ; sous la direction de Justin Faure. 260 $aParis :$bGabalda,$c2003. 300 $a591 p. ;$c24 cm 490 1 $aEtudes bibliques.$aNouvelle série ;$vn. 50 504 $aBibliogr. p. [521]-552. Index. 630 00$aBible.$pN.T.$pActs$xCriticism, interpretation, etc.$2//eng$0(OLS)http://pul/subject/26354 650 0$aNarration in the Bible.$2//eng$0(OLS)http://pul/subject/26355 650 0$aPentecost.$2//eng$0(OLS)http://pul/subject/26356 650 0$aEschatology$xBiblical teaching.$2//eng$0(OLS)http://pul/subject/26357 650 0$aIsrael (Christian theology).$2//eng$0(OLS)http://pul/subject/26358 700 1 $aTaylor, Justin,$cS.M.,$d1943-$0(OLS)http://pul/name/25712 830 0$aEtudes bibliques.$pNouvelle série,$x0760-3541 ;$vn. 50.$0(OLS)http://pul/title/41897 850 $aPUL 852 $aPUL$W1$xSL Religione 1$y3$m5 G 50(N.S.)$j97099$nBK-PRI$b $qStampati$B97099$CPULBib$Z2$F97099 $H92708 $81 941 1 $a8 996 $6020$a2-85021-147-8$9(OLS)http://pul/number/98436 996 $6245$aPentecôte et parousie, AC 1,6-3,26 :$bl'Eglise et le mystère d'Israël entre les textes alexandrin et occidental des Actes des Apôtres$9(OLS)http://pul/title/99021 996 $6260$aParis :$bGabalda$9(OLS)http://pul/publisher/49544